A short history of English : (Record no. 50498)
[ view plain ]
| 000 -LEADER | |
|---|---|
| fixed length control field | 01068nam a2200289 a 4500 |
| 001 - CONTROL NUMBER | |
| control field | 50498 |
| 003 - CONTROL NUMBER IDENTIFIER | |
| rucl marc code | BD-RjUL |
| 005 - DATE AND TIME OF LATEST TRANSACTION | |
| control field | 20211209075523.0 |
| 008 - FIXED-LENGTH DATA ELEMENTS--GENERAL INFORMATION | |
| fixed length control field | 160827s1947 enk b 001 0 eng d |
| 035 ## - SYSTEM CONTROL NUMBER | |
| System control number | (BD-RjUL)50618 |
| 040 ## - CATALOGING SOURCE | |
| Original cataloging agency | DGU |
| Transcribing agency | DGU |
| Modifying agency | m.c |
| -- | OCL |
| -- | BD-RjUL |
| -- | EQO |
| Language of cataloging | eng |
| 041 ## - LANGUAGE CODE | |
| Language code of text/sound track or separate title | eng |
| 082 ## - DEWEY DECIMAL CLASSIFICATION NUMBER | |
| Edition number | 22 |
| Classification number | 820 |
| Author mark and year | WYS 1947 |
| 090 ## - LOCALLY ASSIGNED LC-TYPE CALL NUMBER (OCLC); LOCAL CALL NUMBER (OCLC) | |
| Classification number (OCLC) (R) ; Classification number, CALL (RLIN) (NR) | PE1101 |
| Local cutter number (OCLC) ; Book number/undivided call number, CALL (RLIN) | .W8 1927b |
| 100 1# - MAIN ENTRY--PERSONAL NAME | |
| Personal name | Wyld, Henry Cecil, |
| Dates associated with a name | 1870-1945. |
| 9 (RLIN) | 150726 |
| 245 12 - TITLE STATEMENT | |
| Title | A short history of English : |
| Remainder of title | with a bibliography of recent books on the subject, and lists of texts and editions / |
| Statement of responsibility, etc. | by Henry Cecil Wyld. |
| 246 30 - VARYING FORM OF TITLE | |
| Title proper/short title | Short history of English |
| 250 ## - EDITION STATEMENT | |
| Edition statement | 3rd ed., rev. and enl. |
| 260 ## - PUBLICATION, DISTRIBUTION, ETC. (IMPRINT) | |
| Place of publication, distribution, etc. | London : |
| Name of publisher, distributor, etc. | J. Murray, |
| Date of publication, distribution, etc. | 1947, [Reprinted 1947-1957] |
| 300 ## - PHYSICAL DESCRIPTION | |
| Pagination | vii, 294 p. ; |
| Size | 22 cm. |
| 504 ## - BIBLIOGRAPHY, ETC. NOTE | |
| Bibliography, etc | Includes bibliographical references (p. [1]-13) and index. |
| 650 #0 - SUBJECT ADDED ENTRY--TOPICAL TERM | |
| Topical term or geographic name as entry element | English language |
| General subdivision | Grammar, Historical. |
| 9 (RLIN) | 151268 |
| Topical term or geographic name as entry element | English language |
| General subdivision | History. |
| 9 (RLIN) | 133971 |
| Topical term or geographic name as entry element | English language |
| General subdivision | Grammar, Historical |
| Form subdivision | Bibliography. |
| 9 (RLIN) | 151269 |
| 942 ## - ADDED ENTRY ELEMENTS (KOHA) | |
| Source of classification or shelving scheme | Dewey Decimal Classification |
| Koha item type | Books |
| Lost status | Source of classification or shelving scheme | Damaged status | Not for loan | Collection code | Permanent Location | Current Location | Shelving location | Date acquired | Source of acquisition | Cost, normal purchase price | Total Checkouts | Full call number | Date last seen | Copy number | Koha item type |
|---|---|---|---|---|---|---|---|---|---|---|---|---|---|---|---|
| Dewey Decimal Classification | Non-fiction | Central Library, University of Rajshahi | Central Library, University of Rajshahi | 01/04/1974 | B.N.B.C | 0.00 | 420.9 WYS 1947 | 27/08/2016 | C-2 | Books | |||||
| Dewey Decimal Classification | Non-fiction | Central Library, University of Rajshahi | Central Library, University of Rajshahi | 18/02/1963 | Zeitlinger | 12.60 | 420.9 WYS 1957 | 29/08/2016 | C-3 | Books | |||||
| Dewey Decimal Classification | Non-fiction | Central Library, University of Rajshahi | Central Library, University of Rajshahi | 08/08/1956 | B. H. Blackwell | 12.00 | 420.9 WYS 1951 | 29/08/2016 | C-4 | Books | |||||
| Dewey Decimal Classification | Non-fiction | Central Library, University of Rajshahi | Central Library, University of Rajshahi | 08/08/1956 | B. H. Blackwell | 12.00 | 420.9 WYS 1951 | 29/08/2016 | C-5 | Books |